Journal on Advances in Signal Processing (Запис № 579958)
[ простий вигляд ]
| 000 -LEADER | |
|---|---|
| fixed length control field | 01834nas a22003015i 4500 |
| 001 - CONTROL NUMBER | |
| control field | 3091-4507 |
| 003 - CONTROL NUMBER IDENTIFIER | |
| control field | DE-He213 |
| 005 - DATE AND TIME OF LATEST TRANSACTION | |
| control field | 20260304140733.0 |
| 007 - PHYSICAL DESCRIPTION FIXED FIELD--GENERAL INFORMATION | |
| fixed length control field | cr nn 008mamaa |
| 008 - FIXED-LENGTH DATA ELEMENTS--GENERAL INFORMATION | |
| fixed length control field | 150723s||||||||sz uu poo|||||| b|EN |d |
| 022 ## - INTERNATIONAL STANDARD SERIAL NUMBER | |
| International Standard Serial Number | 3091-4507 |
| 024 7# - OTHER STANDARD IDENTIFIER | |
| Standard number or code | 10.1007/13634.1687-6180 |
| Source of number or code | doi |
| 210 10 - ABBREVIATED TITLE | |
| Abbreviated title | J. Adv. Signal Process. |
| 245 10 - TITLE STATEMENT | |
| Title | Journal on Advances in Signal Processing |
| Medium | [electronic resource] / |
| Statement of responsibility, etc | edited by Pascal Frossard, Maria Sabrina Greco, Weijie Yuan. |
| 264 #1 - | |
| -- | Cham : |
| -- | Springer International Publishing : |
| -- | Imprint: Springer. |
| 300 ## - PHYSICAL DESCRIPTION | |
| Other physical details | online resource. |
| 520 ## - SUMMARY, ETC. | |
| Summary, etc | The aim of the Journal on Advances in Signal Processing is to highlight the theoretical and practical aspects of signal processing in new and emerging technologies. The journal is directed as much at the practicing engineer as at the academic researcher. Authors of articles with novel contributions to the theory and/or practice of signal processing are welcome to submit their articles for consideration. All manuscripts undergo a rigorous review process. Journal on Advances in Signal Processing employs a paperless, electronic review process to enable a fast and speedy turnaround in the review process. The journal is an Open Access journal since 2007. |
| 650 #0 - SUBJECT ADDED ENTRY--TOPICAL TERM | |
| Topical term or geographic name as entry element | Signal processing. |
| 650 #0 - SUBJECT ADDED ENTRY--TOPICAL TERM | |
| Topical term or geographic name as entry element | Spintronics. |
| 650 14 - SUBJECT ADDED ENTRY--TOPICAL TERM | |
| Topical term or geographic name as entry element | Signal, Speech and Image Processing. |
| 650 24 - SUBJECT ADDED ENTRY--TOPICAL TERM | |
| Topical term or geographic name as entry element | Spintronics. |
| 700 1# - ADDED ENTRY--PERSONAL NAME | |
| Personal name | Frossard, Pascal. |
| Relator term | editor. |
| Relator code | edt |
| -- | http://id.loc.gov/vocabulary/relators/edt |
| 9 (RLIN) | 24233 |
| 700 1# - ADDED ENTRY--PERSONAL NAME | |
| Personal name | Greco, Maria Sabrina. |
| Relator term | editor. |
| Relator code | edt |
| -- | http://id.loc.gov/vocabulary/relators/edt |
| 9 (RLIN) | 24234 |
| 700 1# - ADDED ENTRY--PERSONAL NAME | |
| Personal name | Yuan, Weijie. |
| Relator term | editor. |
| Relator code | edt |
| -- | http://id.loc.gov/vocabulary/relators/edt |
| 9 (RLIN) | 24235 |
| 710 2# - ADDED ENTRY--CORPORATE NAME | |
| Corporate name or jurisdiction name as entry element | SpringerLink (Online service) |
| 856 40 - ELECTRONIC LOCATION AND ACCESS | |
| Uniform Resource Identifier | <a href="https://doi.org/10.1007/13634.1687-6180">https://doi.org/10.1007/13634.1687-6180</a> |
| Public note | Open Access |
Немає доступних примірників.